L'amour trinitaire et son refus par la modernité (notice n° 2162883)
[ vue normale ]
| 000 -LEADER | |
|---|---|
| fixed length control field | 01072cam a2200133 4500500 |
| 005 - DATE AND TIME OF LATEST TRANSACTION | |
| control field | 20260405033556.0 |
| 041 ## - LANGUAGE CODE | |
| Language code of text/sound track or separate title | fre |
| 042 ## - AUTHENTICATION CODE | |
| Authentication code | dc |
| 100 10 - MAIN ENTRY--PERSONAL NAME | |
| Personal name | Nastri, Giuseppe Giacomo |
| Relator term | author |
| 245 00 - TITLE STATEMENT | |
| Title | L'amour trinitaire et son refus par la modernité |
| 260 ## - PUBLICATION, DISTRIBUTION, ETC. | |
| Name of publisher, distributor, etc. | L'Harmattan,<br/> |
| Date of publication, distribution, etc. | 2005.<br/> |
| 520 ## - SUMMARY, ETC. | |
| Summary, etc. | L’approche de la religion catholique peut se faire soit par la voie mystique, soit par l’appréciation de ses accomplissements ou de sa pensée. La première voie est la plus élevée mais l’appel à la parcourir n’est pas donné à tous. La deuxième approche serait la plus naturelle mais elle requiert un cœur pur dans le jugement du comportement des croyants. La dernière approche est un chemin qui aujourd’hui est rendu très ardu par un système médiatique, éducatif et culturel voué à l’interprétation. Tel est l’aboutissement de 5 siècles d’efforts philosophiques pour se débarrasser de Dieu. |
| 856 41 - ELECTRONIC LOCATION AND ACCESS | |
| Uniform Resource Identifier | <a href="https://shs.cairn.info/lamour-trinitaire-et-son-refus-par-la-modernite--9782747586665?lang=fr&redirect-ssocas=7080">https://shs.cairn.info/lamour-trinitaire-et-son-refus-par-la-modernite--9782747586665?lang=fr&redirect-ssocas=7080</a> |
Pas d'exemplaire disponible.




Réseaux sociaux